00795cam a22002417a 4500003000500000005001700005008004100022010001000063011001000073035001100083040000900094100003500103245012600138260004300264300002000307502008400327650002800411650002300439650002500462650002200487650002000509650002400529CHAP20220817043942.0040622d2003 mx a r 00110 spa d a88558 a89530 a100081 cCHAP00aMayorga Chávez, Rosa Anabey.10aImpacto del manejo de cafetales sobre algunas propiedades del suelo y su productividadc/por Rosa Anabey Mayorga Chávez aMontecillo, Méx. :bEl autor,c2003. a113 h. :bilus. aTesis (M.C.) - - C.P. Instituto de Recursos Naturales. Programa de Edafología14aAgricultura orgánica.14aCafé orgánico.14aCaféxRendimiento.14aCafézVeracruz.14aCafeticultores.14aSuelos cafetaleros.